Role Of Labour Leaders In The Indian Freedom Movement (Record no. 1672552)

MARC details
000 -LEADER
fixed length control field 00549 a2200193 4500
005 - DATE AND TIME OF LATEST TRANSACTION
control field 20260309145813.0
008 - FIXED-LENGTH DATA ELEMENTS--GENERAL INFORMATION
fixed length control field 260309b |||||||| |||| 00| 0 eng d
020 ## - INTERNATIONAL STANDARD BOOK NUMBER
International Standard Book Number 9788197890581
040 ## - CATALOGING SOURCE
Transcribing agency SDCL
041 ## - LANGUAGE CODE
Source of code eng
Language code of text/sound track or separate title eng
084 ## - COLON CLASSIFICATION NUMBER
Classification number V2:51'N4 R5
100 ## - MAIN ENTRY--PERSONAL NAME
Personal name Upadhyaya, Sanjay
245 ## - TITLE STATEMENT
Title Role Of Labour Leaders In The Indian Freedom Movement
260 ## - PUBLICATION, DISTRIBUTION, ETC.
Place of publication, distribution, etc. Delhi :
Name of publisher, distributor, etc. L.G. Publishers Distributors,
Date of publication, distribution, etc. 2025.
300 ## - PHYSICAL DESCRIPTION
Extent 132p.
700 ## - ADDED ENTRY--PERSONAL NAME
Personal name Makwana, Rutvikkumar
700 ## - ADDED ENTRY--PERSONAL NAME
Personal name Raj, Anand
942 ## - ADDED ENTRY ELEMENTS (KOHA)
Koha item type Textual
Source of classification or shelving scheme Colon Classification (CC)
100 ## - MAIN ENTRY--PERSONAL NAME
-- 1131379
700 ## - ADDED ENTRY--PERSONAL NAME
-- 1131380
700 ## - ADDED ENTRY--PERSONAL NAME
-- 1131381
999 ## -
-- 1672552
-- 1672552
Holdings
Withdrawn status Lost status Source of classification or shelving scheme Damaged status Not for loan Home library Current library Date acquired Source of acquisition Cost, normal purchase price Inventory number Total checkouts Full call number Barcode Date last seen Cost, replacement price Price effective from Koha item type
    Colon Classification (CC)     South Campus Library South Campus Library 2025-12-10 67 316.00 1237 & 10/12/2025   V2:51'N4 R5 SC1691757 2025-12-10 395.00 2025-12-10 Textual
Copyright @ Delhi University Library System